Soft fibrillar materials : (Record no. 3544)

MARC details
000 -LEADER
fixed length control field 00612cam a22001937i 4500
008 - FIXED-LENGTH DATA ELEMENTS--GENERAL INFORMATION
fixed length control field 240311s2013 gw a b 001 0 eng
020 ## - INTERNATIONAL STANDARD BOOK NUMBER
ISBN 9783527331628
245 00 - TITLE STATEMENT
Title Soft fibrillar materials :
Remainder of title fabrication and applications /
Statement of responsibility, etc edited by Xiang Yang Liu and Jing-Liang Li.
260 ## - PUBLICATION, DISTRIBUTION, ETC. (IMPRINT)
Place of publication Germany
Name of publisher Wiley-Vch
300 ## - COLLATION
Pagination xviii, 302 pages :
Other physical details illustrations (some color) ;
650 #0 - TRACINGS
Main Subject Fibers.
650 #0 - TRACINGS
Main Subject Soft condensed matter.
650 #0 - TRACINGS
Main Subject Polymer networks.
650 #0 - TRACINGS
Main Subject Colloids.
Subdivision (1st) Polymer networks
700 1# - ADDITIONAL AUTHOR
Additional Author Liu, Xiang Yang,
700 1# - ADDITIONAL AUTHOR
Additional Author Li, Jing-Liang,
942 ## - ADDED ENTRY ELEMENTS (KOHA)
Item type Books
050 00 - LIBRARY OF CONGRESS CALL NUMBER
Classification number TA403.9
Item number .S64
Holdings
Source of classification or shelving scheme Not for loan Permanent location Current location Date acquired Accession No. Full call number Barcode. Koha item type
Dewey Decimal Classification   Engineering Library Engineering Library 05/19/2025 2024/63758 TA403.9.S642013 2025-2016 Books